Intermediate accounting / (Record no. 2011)
[ view plain ]
| 000 -LEADER | |
|---|---|
| fixed length control field | 00697cam a22002292 4500 |
| 001 - CONTROL NUMBER | |
| control field | 0000002523 |
| 005 - DATE AND TIME OF LATEST TRANSACTION | |
| control field | 20151217145729.0 |
| 008 - FIXED-LENGTH DATA ELEMENTS--GENERAL INFORMATION | |
| fixed length control field | 070412s xx 000 0 eng d |
| 020 ## - INTERNATIONAL STANDARD BOOK NUMBER | |
| International Standard Book Number | 0538825316 : |
| 040 ## - CATALOGING SOURCE | |
| Original cataloging agency | KABU |
| Transcribing agency | KABU |
| 050 #0 - LIBRARY OF CONGRESS CALL NUMBER | |
| Classification number | HF5635 |
| Item number | .N55 1994 |
| 100 1# - MAIN ENTRY--PERSONAL NAME | |
| Personal name | Nikolai, Loren A. |
| -- | 0000110771 |
| 245 10 - TITLE STATEMENT | |
| Title | Intermediate accounting / |
| Statement of responsibility, etc. | Loren A. Nikolai, John D. Bazley. |
| 250 ## - EDITION STATEMENT | |
| Edition statement | 6th ed. |
| 260 ## - PUBLICATION, DISTRIBUTION, ETC. (IMPRINT) | |
| Place of publication, distribution, etc. | Cincinnati : |
| Name of publisher, distributor, etc. | South-Western Publishing, |
| Date of publication, distribution, etc. | c1994. |
| 300 ## - PHYSICAL DESCRIPTION | |
| Extent | 1 v. (various pagings) ; |
| Dimensions | 26 cm. |
| 650 #0 - SUBJECT ADDED ENTRY--TOPICAL TERM | |
| Topical term or geographic name as entry element | Accounting. |
| -- | 0000148321 |
| 700 1# - ADDED ENTRY--PERSONAL NAME | |
| Personal name | Bazley, John D. |
| -- | 0000110769 |
| 908 ## - PUT COMMAND PARAMETER (RLIN) | |
| Put command parameter | 070412 |
| 950 ## - LOCAL HOLDINGS (RLIN) | |
| -- | 1 |
| Withdrawn status | Lost status | Source of classification or shelving scheme | Not for loan | Home library | Current library | Date acquired | Total Checkouts | Total Renewals | Full call number | Barcode | Date last seen | Date last checked out | Price effective from | Koha item type | Public note |
|---|---|---|---|---|---|---|---|---|---|---|---|---|---|---|---|
| Library of Congress Classification | Kabarak, Main Campus | Kabarak, Main Campus | 17/12/2015 | 10 | 2 | HF5635 .N55 1994 | 005089 | 02/08/2024 | 12/06/2024 | 17/12/2015 | General Collection | This title is on interlibrary loan from main campus .14/2/23 |